Countries With the Letter P - Statistics

General Stats
  • This quiz has been taken 90 times
  • The average score is 17 of 23
Answer Stats
Country % Correct
Panama
92%
Peru
92%
Portugal
92%
Poland
90%
Paraguay
86%
Pakistan
85%
Palau
83%
Philippines
83%
Papua New Guinea
80%
Democratic Republicof the Congo
76%
Japan
76%
Dominican Republic
71%
Egypt
71%
Republic of the Congo
68%
Cape Verde
64%
Central African Republic
64%
Spain
64%
Czech Republic
59%
Ethiopia
59%
São Tomé and Príncipe
58%
Cyprus
56%
Nepal
54%
Singapore
49%
No matching quizzes found
Score Distribution
Percent of People with Each Score
Percentile by Number Answered
Your Score History
You have not taken this quiz